Acronymes de noms de pays - Statistiques

Statistiques générales
  • Ce quiz a été pris 131 fois
    42 depuis la dernière actualisation
  • Le résultat moyen est 13 sur 36
Statistiques - réponses
A Pays % Correct
NZ Nouvelle-Zélande
88%
EAU Émirats Arabes Unis
77%
RDC République Démocratique du Congo
69%
RC République du Congo
69%
PNG Papouasie-Nouvelle-Guinée
54%
RCA République Centrafricaine
54%
BH Bosnie-Herzégovine
46%
EFM États Fédérés de Micronésie
46%
AB Antigua-et-Barbuda
42%
EU États-Unis
42%
RU Royaume-Uni
42%
BF Burkina Faso
38%
GB Guinée-Bissau
38%
RD République Dominicaine
38%
AS Arabie Saoudite
35%
CN Corée du Nord
35%
GE Guinée Équatoriale
35%
RT République Tchèque
35%
SM Saint-Marin
35%
SVG Saint-Vincent-et-les-Grenadines
35%
STP São Tomé-et-Principe
35%
CS Corée du Sud
31%
CI Côte d'Ivoire
31%
SL Sainte-Lucie
31%
TT Trinité-et-Tobago
31%
CV Cabo Verde
27%
CR Costa Rica
27%
IS Îles Salomon
27%
SCN Saint-Christophe-et-Niévès
27%
SL Sri Lanka
27%
IM Îles Marshall
23%
SS Soudan du Sud
19%
MN Macédoine du Nord
15%
SL Sierra Leone
15%
AS Afrique du Sud
12%
TO Timor Oriental
12%
Aucun quiz correspondant
Distribution des résultats
% des personnes avec chaque résultat
Percentile par nombre de réponses
Votre historique - résultats
Vous n’avez pas pris ce quiz depuis la dernière actualisation